00968nam a22002537a 4500003000500000005001700005008004100022010001000063011001000073035001000083040000900093100003700102245020700139260004000346300002200386502009100408650002600499650002600525650003700551650003300588650003500621650002100656650003700677CHAP20251002103645.0971013s1979 r 00010 d a16389 a17361 a21444 cCHAP00aGuzmán Avilés, Omar Enrique. aEfectos de la fertilización con nitrógeno y fósforo sobre la producción forrajera de pangola (Digitaria decumbens Stent), guinea (Panicum maximum) Jacq y estrella (Cynodon plectostachyus Pilger) aMonterrey, N.L., :bEl autor,c1979 a100 h.b; gráfs aTesis (Ing. Agr. Administrador) -- ITESM. Div. de Ciencias Agropecuarias y Marítimas17aCynodon nlemfuensis217aDigitaria decumbens214aFertilizantesxEfecto en pastos.14aFósforoxEfecto en pastos.14aNitrógenoxEfecto en pastos.14aPanicum maximum.17aPastos forrajerosxRendimiento2